Normal view
MARC view
Entry Personal Name
001 - CONTROL NUMBER
- control field: 234792
003 - CONTROL NUMBER IDENTIFIER
- control field: OSt
005 - DATE AND TIME OF LATEST TRANSACTION
- control field: 20250809092911.0
008 - FIXED-LENGTH DATA ELEMENTS
- fixed length control field: 250809|| aca||aabn | a|a d
040 ## - CATALOGING SOURCE
- Original cataloging agency: OSt
- Transcribing agency: OSt
100 ## - HEADING--PERSONAL NAME
- Personal name: Gordon Fisher
670 ## - SOURCE DATA FOUND
- Source citation: Work cat.: (OSt)226949: Gordon Fisher, Blender 3D Basics Beginners guide Ed 2, 2014